000 00685nam a22002410a 4500
001 PT925
003 AR-LpoUNG
005 20260131014317.0
008 191001s1994||||ec |||||||||||||||||spa d
040 _aAR-LpoUNG
_bspa
_cAR-LpoUNG
_eaacr
041 _aspa
082 0 _a334.01 787d
100 1 _aCoraggio, José Luis
_93
245 1 3 _aEl desarrollo de la economía popular urbana como contribución a una transformación productiva en equidad
260 _as.l. :
_bs.e.,
_c1994.
300 _a50 p. :
_btbls.
505 0 _aCopias dactilografiadas
650 4 _aDESARROLLO REGIONAL
650 4 _aDESARROLLO URBANO
650 4 _aECONOMIA
905 _a925
942 _cLIB
_2ddc
999 _c55443
_d55443